| 000 | 00997cam a2200289 i 4500 | ||
|---|---|---|---|
| 001 | 30460 | ||
| 003 | Mx-PuUPA | ||
| 005 | 20250819142918.0 | ||
| 008 | 140415s2018 nyud fr 000 0 eng d | ||
| 020 |
_a9781119265993 _qrústica |
||
| 040 |
_cMx-PuUPA _aMx-PuUPA _bspa _dMx-PuUPA _erda |
||
| 041 | 0 | _aeng | |
| 100 | 1 |
_aMelchers, Robert, E. _eautor |
|
| 245 | 1 | 0 |
_aStructural reliability analysis and prediction / _cRobert E. Melchers, André T. Beck |
| 250 | _aThird edition | ||
| 264 | 1 |
_aHoboken, NY : _bJohn Wiley & Sons, _c2018 |
|
| 336 |
_2rdacontent _atexto _btxt |
||
| 337 |
_2rdamedia _asin medio _bn |
||
| 338 |
_2rdacarrier _avolumen _bnc |
||
| 650 | 7 |
_2armarc _aEstabilidad de estructuras |
|
| 650 | 7 |
_2armarc _aConfiabilidad (Ingeniería) |
|
| 700 | 1 |
_aBeck, André T., _eautor |
|
| 942 |
_2ddc _cLI _h624.171 _iM57 |
||
| 999 |
_c30460 _d30460 |
||